Central Library OPAC University of Rajshahi

T. S. Eliot : homage from India ; (Record no. 21813)

MARC details
000 -LEADER
fixed length control field 00785cam a22002531 4500
001 - CONTROL NUMBER
control field 21813
003 - CONTROL NUMBER IDENTIFIER
rucl marc code BD-RjUL
005 - DATE AND TIME OF LATEST TRANSACTION
control field 20211209000731.0
008 - FIXED-LENGTH DATA ELEMENTS--GENERAL INFORMATION
fixed length control field 140305t1965 ii c b 000 0 eng
035 ## - SYSTEM CONTROL NUMBER
System control number (BD-RjUL)21878
System control number (OCoLC)700005
040 ## - CATALOGING SOURCE
Original cataloging agency DLC
Transcribing agency OAU
Modifying agency OCoLC
-- DLC
-- BD-RjUL
Language of cataloging eng
041 ## - LANGUAGE CODE
Language code of text/sound track or separate title eng
082 04 - DEWEY DECIMAL CLASSIFICATION NUMBER
Classification number 828.91209
Author mark and year TSE 1965
245 00 - TITLE STATEMENT
Title T. S. Eliot : homage from India ;
Remainder of title A commemoration volume of 55 essays & elegies /
260 ## - PUBLICATION, DISTRIBUTION, ETC. (IMPRINT)
Place of publication, distribution, etc. Calcutta,
Name of publisher, distributor, etc. Writers Workshop,
Date of publication, distribution, etc. 1965.
300 ## - PHYSICAL DESCRIPTION
Pagination 228 p. :
Illustrations port. ;
Size 23 cm.
504 ## - BIBLIOGRAPHY, ETC. NOTE
Bibliography, etc Bibliography: p. [227]-228.
600 10 - SUBJECT ADDED ENTRY--PERSONAL NAME
Personal name Eliot, T. S.
Fuller form of name (Thomas Stearns),
Dates associated with a name 1888-1965
General subdivision Appreciation
Geographic subdivision India.
700 ## - ADDED ENTRY--PERSONAL NAME
Personal name Lal, P.,
942 ## - ADDED ENTRY ELEMENTS (KOHA)
Source of classification or shelving scheme Dewey Decimal Classification
Koha item type Books
Holdings
Lost status Source of classification or shelving scheme Damaged status Not for loan Collection code Permanent Location Current Location Shelving location Date acquired Source of acquisition Cost, normal purchase price Total Checkouts Full call number Date last seen Copy number Koha item type
  Dewey Decimal Classification   Added to bundle Non-fiction Central Library, University of Rajshahi Central Library, University of Rajshahi Reading Room 15/09/1973 Caluta K.P. Bangali 0.00   828.91209 TSE 1965 05/03/2014 C-1 Books